|
|
|
|
| LEADER |
00000nam a2200000 a 4500 |
| 001 |
vtls001220293 |
| 003 |
SK-MaSNL |
| 005 |
20260301234109.0 |
| 008 |
130606s1996 xo a y 0 slo |
| 015 |
|
|
|a SNBF1997/0200699
|
| 020 |
|
|
|c 112,00 Sk
|
| 035 |
|
|
|a SNK000164971
|
| 040 |
|
|
|a SNK
|b slo
|c SNK
|e AACR2
|
| 044 |
|
|
|a xo
|c SK
|
| 080 |
|
|
|a 629.114.6(085.6)"321""1996"
|2 1981
|
| 245 |
1 |
|
|a McBainn cenník nových automobilov. Jar '96
|n [číslo 1]
|
| 260 |
|
|
|a Bratislava
|b McBainn
|c 1996
|
| 300 |
|
|
|a 246 s.
|b fotogr., mp., tab.
|c 19 cm
|
| 650 |
0 |
7 |
|a automobily osobné
|x cenníky
|y jar 1996
|x príručky
|2 SNK
|9 629617
|
| 655 |
|
7 |
|a FCE
|2 SNK
|9 395410
|
| 710 |
2 |
|
|a McBainn (Bratislava, Slovensko)
|4 aut
|9 33557
|
| 999 |
|
|
|c 968892
|d 970822
|
| 952 |
|
|
|t P60, <03>, [BOOK], {603}
|a SNK
|b SNK
|y PREZ
|7 0
|p 17A0010470
|o snkOSD 7702/1996/1
|i snkKSP 7212/96
|0 0
|1 0
|4 0
|d 1996-09-11
|l 0
|r 2005-01-01 00:00:00
|w 2026-02-24
|
| 952 |
|
|
|t P60, <04>, [BOOK], {604}
|a SNK
|b SNK
|y VYP
|7 0
|p 17A0013028
|o snkOSD 7702/1996/1 D1
|i snkKSP 8193/96
|0 0
|1 0
|4 0
|d 1996-10-02
|l 0
|r 2005-01-01 00:00:00
|w 2026-02-24
|